Emmy Awards Multiple Choice Quiz Stats

 Plays Quiz Updated Sep 19, 2017

Score 0/20 Timer 05:00
4 Plays Today
Question Answer Wrong Answers
This show holds the record for most wins by an animated series: The Simpsons
87.3%
Futurama
1.1%
Family Guy
4.3%
Looney Tunes
1.5%
Though it was an ensemble cast, this actor was the only one to win a lead actor Emmy for his role on M*A*S*H: Alan Alda
81.8%
Gary Burghoff
4.4%
David Ogden Stiers
3.2%
Harry Morgan
4.9%
This woman won for Best Actress in a comedy in 1953, the same year her show won its first award for Best Comedy program: Lucille Ball
76.2%
Imogene Coca
3.5%
Eve Arden
2.7%
Mary Tyler Moore
12%
His show had won four straight Emmys, and he had won three individually, when he abruptly pulled the plug following the 1966 season: Dick Van Dyke
68.7%
Red Skelton
8.8%
Danny Thomas
9.4%
Raymond Burr
7.5%
Actresses from this show won for Best Actress in a Comedy series three years in a row- but a different actress won every year: The Golden Girls
67.4%
Soap
1.3%
Friends
22.6%
Murphy Brown
2.9%
This show holds the record for most wins ever (in all categories) by a single series: Saturday Night Live
67.4%
The Tonight Show
13.4%
Masterpiece Theater
8.8%
The Muppets
4.6%
This show holds the record for most wins by an online or streaming production: House of Cards
64.3%
Stranger Things
10.1%
Transparent
15.1%
Friday Night Lights
4.7%
She won Emmys for Best Actress in a Drama every other year from 1999 to 2003: Edie Falco
56.3%
Glenn Close
8.8%
Claire Danes
6.6%
Julianna Margulies
22.5%
He's won six Emmys for individual performances, most of them for hosting the Academy Awards and Comic Relief: Billy Crystal
56.2%
Bob Hope
18.9%
Johnny Carson
4.9%
Robin Williams
14.2%
This show won for Best Variety Program in 2003, 2004, 2005, 2006, 2007, 2008, 2009, 2010, 2011, 2012 and 2015: The Daily Show
47.2%
The Tonight Show
31.4%
The Late Show
11.9%
The Late, Late Show
3.8%
This man won an Emmy in 1964 for his role on 'The Defenders' and then again in 1971 and 1973 for acting in a comedy series: Jack Klugman
46.2%
Don Adams
10.6%
Jack Albertson
12.2%
Tony Randall
25.2%
This NBC show won five straight Emmys for best comedy, from 1994 to 1998: Frasier
41.8%
Seinfeld
42.6%
The Cosby Show
8.6%
Night Court
1.3%
He won Emmys for comedy acting in 1972, 1977, 1978 and 1979 and for drama in 1989: Carroll O'Connor
40.6%
Bob Newhart
19.2%
Bill Cosby
11.2%
Ed Asner
23.3%
He may have only had one bullet, but his five Emmys are the most ever by a male performer for the same role in the same series: Don Knotts
39.9%
Andy Griffith
21.6%
Tom Selleck
16.4%
Peter Falk
16%
He won Emmy awards for the same role 18 years apart, in 1972 and 1990, picking up a third win for the role in between. Peter Falk
39.7%
Bob Newhart
45.3%
Dennis Franz
5.1%
Robert Blake
4.2%
This show holds the record for most overall nominations by a comedy series: Cheers
39.4%
M*A*S*H
41.1%
Newhart
1.7%
The Mary Tyler Moore Show
12.1%
This cable show holds the record for most wins by a show in a single season: Game of Thrones
39.3%
The Walking Dead
2.8%
The Sopranos
32.4%
Breaking Bad
20%
In 2017 Julia Louis-Dreyfuss tied this woman's record eight acting wins by a single performer- although the previous record holder won them for six different shows: Cloris Leachman
20.7%
Betty White
44%
Lucille Ball
19.9%
Bea Arthur
9.7%
He holds the record for most nominations for hosting a reality TV show: Tom Bergeron
14.8%
Jeff Probst
42.5%
Ryan Seacrest
34.4%
Nick Cannon
2.5%
This program holds the record for most wins by a miniseries: John Adams
11.7%
Roots
51.6%
War and Remembrance
2.2%
Band of Brothers
28.6%

You're not logged in!

Compare scores with friends on all Sporcle quizzes.
OR
Log In

You Might Also Like...

Show Comments

Extras

Top Quizzes Today


Score Distribution

Your Account Isn't Verified!

In order to create a playlist on Sporcle, you need to verify the email address you used during registration. Go to your Sporcle Settings to finish the process.

Report this User

Report this user for behavior that violates our Community Guidelines.

Details: